000
00271 a2200109 4500
001
155258
040
_c
Escola São Tomás de Aquino
240
1
0
_a
Conhecimentos atuais astronomia
_l
por
245
1
0
_a
Conhecimentos atuais astronomia
697
_a
GENERALIDADES
942
_c
BK
999
_c
155258
_d
155258